Solid mensuration: (Record no. 1515)

MARC details
000 -LEADER
fixed length control field 00479nam a22001577a 4500
005 - DATE AND TIME OF LATEST TRANSACTION
control field 20230303010650.0
008 - FIXED-LENGTH DATA ELEMENTS--GENERAL INFORMATION
fixed length control field 230303b |||||||| |||| 00| 0 eng d
020 ## - INTERNATIONAL STANDARD BOOK NUMBER
International Standard Book Number 978-971-9924-69-2
082 ## - DEWEY DECIMAL CLASSIFICATION NUMBER
Classification number Fil. 516.23 Ea12 2011
100 ## - MAIN ENTRY--PERSONAL NAME
Personal name Earnhart, Richard T.
Relator term author
245 ## - TITLE STATEMENT
Title Solid mensuration:
Remainder of title understanding the 3D space /
Statement of responsibility, etc. Richard T. Earnhart
260 ## - PUBLICATION, DISTRIBUTION, ETC.
Place of publication, distribution, etc. Quezon City:
Name of publisher, distributor, etc. C & E Publishing,
Date of publication, distribution, etc. c2011
300 ## - PHYSICAL DESCRIPTION
Extent ix, 245p.
541 ## - IMMEDIATE SOURCE OF ACQUISITION NOTE
Accession number 5056
650 ## - SUBJECT ADDED ENTRY--TOPICAL TERM
Topical term or geographic name entry element Mensuration - Geometry
Holdings
Withdrawn status Lost status Source of classification or shelving scheme Damaged status Not for loan Home library Current library Date acquired Total Checkouts Full call number Barcode Date last seen Copy number Price effective from Koha item type
    Dewey Decimal Classification     ctu-moalboal ctu-moalboal 01/04/2017   Fil. 516.23 Ea12 2011 5056 03/03/2023 1 03/03/2023 Books-Filipiniana